[Event "Ruhrgebiet Verbandsklasse Gruppe 2 1718"]
[Site "Germany"]
[Date "2018.01.14"]
[Round "5.7"]
[White "Demtroeder, Joerg"]
[Black "Bendel, Ruediger"]
[Result "1/2-1/2"]
[WhiteElo "1699"]
[BlackElo "1926"]
[PlyCount "44"]
[EventDate "2017.09.17"]
[EventType "team-tourn"]
[EventRounds "9"]
[EventCountry "GER"]
[SourceTitle "EXT 2022"]
[Source "ChessBase"]
[SourceDate "2021.10.06"]
[SourceVersion "1"]
[SourceVersionDate "2021.10.06"]
[SourceQuality "1"]
[WhiteTeam "Sodingen/Castrop SK III"]
[BlackTeam "Essen SK Germania Kupferdreh"]
[WhiteTeamCountry "GER"]
[BlackTeamCountry "GER"]

1. d4 d5 2. Bf4 f5 3. e3 e6 4. Bd3 c5 5. c3 Nf6 6. Nf3 Ne4 7. Ne5 g6 8. Nd2 Nd7 9. Bxe4 fxe4 10. Nxd7 Bxd7 11. Be5 Rg8 12. 0-0 Bb5 13. Re1 Bd6 14. Qg4 Ke7 15. Qh4+ Kd7 16. Qxh7+ Kc6 17. Qh3 Bxe5 18. dxe5 Qe7 19. b4 Rh8 20. Qg3 Rh5 21. c4 Bxc4 22. Nxc4 dxc4 1/2-1/2

[Event "NRW Verbandsliga Group1 1314"]
[Site "Nordrheinwestfalen"]
[Date "2014.02.16"]
[Round "7"]
[White "Stein, Daniel"]
[Black "Bendel, Ruediger"]
[Result "0-1"]
[WhiteElo "1643"]
[BlackElo "1989"]
[PlyCount "28"]
[EventDate "2013.09.08"]
[EventType "team-tourn"]
[EventRounds "9"]
[EventCountry "GER"]
[SourceTitle "EXT 2020"]
[Source "ChessBase"]
[SourceDate "2019.10.17"]
[SourceVersion "1"]
[SourceVersionDate "2019.10.17"]
[SourceQuality "1"]
[WhiteTeam "Bochum SC an der Uni"]
[BlackTeam "Essen Werden"]
[WhiteTeamCountry "GER"]
[BlackTeamCountry "GER"]

1. d4 g6 2. c4 Bg7 3. Nc3 c6 4. e4 d6 5. Be2 a5 6. a4 Qb6 7. Be3 Qxb2 8. Rc1 Na6 9. Qc2 Qxc2 10. Rxc2 f5 11. f3 Nb4 12. Rc1 Nh6 13. Nh3 fxe4 14. Nxe4 Nf5 0-1

[Event "NRW Verbandsliga Group1 1314"]
[Site "Nordrheinwestfalen"]
[Date "2013.09.08"]
[Round "1"]
[White "Bendel, Ruediger"]
[Black "Koch, Burkhard"]
[Result "0-1"]
[WhiteElo "1989"]
[BlackElo "1867"]
[PlyCount "80"]
[EventDate "2013.09.08"]
[EventType "team-tourn"]
[EventRounds "9"]
[EventCountry "GER"]
[SourceTitle "EXT 2020"]
[Source "ChessBase"]
[SourceDate "2019.10.17"]
[SourceVersion "1"]
[SourceVersionDate "2019.10.17"]
[SourceQuality "1"]
[WhiteTeam "Essen Werden"]
[BlackTeam "Hoentrop SG"]
[WhiteTeamCountry "GER"]
[BlackTeamCountry "GER"]

1. e4 e6 2. d4 d5 3. exd5 exd5 4. Bd3 Nf6 5. Ne2 c5 6. c3 Nc6 7. Bg5 Be7 8. dxc5 Bxc5 9. 0-0 0-0 10. Nf4 Qd6 11. Bxf6 Qxf4 12. Qh5 h6 13. Qxd5 Bd6 14. g3 Qxf6 15. Nd2 Qe6 16. Qg2 Qg4 17. Rfe1 Bf5 18. Bb5 Rac8 19. Nc4 Bb8 20. Ne3 Qe4 21. f3 Qe5 22. Bc4 a6 23. Kh1 Rfe8 24. Re2 Qc5 25. b4 Qe5 26. Nd5 Qd6 27. Rd1 Rxe2 28. Qxe2 Rf8 29. g4 Bc8 30. f4 Qe6 31. Ne3 Qe4+ 32. Ng2 Qxe2 33. Bxe2 Rd8 34. Rxd8+ Nxd8 35. Ne3 Bxf4 36. Nd5 Bd6 37. b5 axb5 38. Nb6 Be6 39. Bxb5 Bc5 40. Nc4 Bd5# 0-1

[Event "Ruhrgebiet VK2 0910"]
[Site "Ruhrgebiet"]
[Date "2010.04.18"]
[Round "9.3"]
[White "Bendel, Ruediger"]
[Black "Fraenkel, Karl Heinz"]
[Result "1-0"]
[WhiteElo "1987"]
[BlackElo "1901"]
[PlyCount "85"]
[EventDate "2009.09.06"]
[EventType "team"]
[EventRounds "9"]
[EventCountry "GER"]
[SourceTitle "EXT 2011"]
[Source "ChessBase"]
[SourceDate "2010.11.26"]
[SourceVersion "1"]
[SourceVersionDate "2010.11.26"]
[SourceQuality "1"]
[WhiteTeam "Essen Werden"]
[BlackTeam "Bochum SV II"]
[WhiteTeamCountry "GER"]
[BlackTeamCountry "GER"]

1. e4 c5 2. Nf3 d6 3. d4 cxd4 4. Nxd4 Nf6 5. Nc3 a6 6. Be2 e6 7. Be3 Be7 8. f4 Qc7 9. 0-0 Nc6 10. Bf3 Bd7 11. g4 Nxd4 12. Bxd4 e5 13. Be3 Bc6 14. g5 Nd7 15. f5 f6 16. Nd5 Bxd5 17. Qxd5 Nf8 18. gxf6 Bxf6 19. Bh5+ Kd8 20. Rad1 Kd7 21. Bc5 Be7 22. Qxe5 Kc6 23. Qd5+ Kd7 24. e5 Rc8 25. Bxd6 Bxd6 26. Qf7+ Kc6 27. Bf3+ Kb6 28. Rxd6+ Ka7 29. Qxc7 Rxc7 30. e6 h6 31. Rd8 Rd7 32. Bd5 Kb6 33. f6 gxf6 34. Rxf6 Ng6 35. Rxh8 Nxh8 36. Be4 Rg7+ 37. Kf2 Kc7 38. Rxh6 Rg8 39. c4 Kd6 40. Ke3 b6 41. e7+ Kxe7 42. Rxb6 Nf7 43. Rb7+ 1-0

[Event "Ruhrgebiet VK2 0910"]
[Site "Ruhrgebiet"]
[Date "2010.03.21"]
[Round "8"]
[White "Bendel, Ruediger"]
[Black "Fuest, Torsten"]
[Result "1-0"]
[WhiteElo "1987"]
[BlackElo "1887"]
[PlyCount "75"]
[EventDate "2009.09.06"]
[EventType "team"]
[EventRounds "9"]
[EventCountry "GER"]
[SourceTitle "EXT 2011"]
[Source "ChessBase"]
[SourceDate "2010.11.26"]
[SourceVersion "1"]
[SourceVersionDate "2010.11.26"]
[SourceQuality "1"]
[WhiteTeam "Essen Werden"]
[BlackTeam "Unna SV"]
[WhiteTeamCountry "GER"]
[BlackTeamCountry "GER"]

1. e4 d6 2. d4 g6 3. Bd3 Bg7 4. c3 c5 5. Be3 cxd4 6. cxd4 Nc6 7. Ne2 Nf6 8. 0-0 0-0 9. f3 Bd7 10. Nbc3 a6 11. Rc1 b5 12. Qd2 Qa5 13. g4 b4 14. Nd5 Nxd5 15. exd5 Qxd5 16. Be4 Qb5 17. d5 Na5 18. Nd4 Bxd4 19. Qxd4 f6 20. Rc7 Rfd8 21. Bd3 Qb8 22. Rfc1 Kf7 23. g5 f5 24. Bd2 Nc6 25. R7xc6 Bxc6 26. Rxc6 a5 27. Be3 Rc8 28. Rb6 Qc7 29. Qh4 Rh8 30. Rc6 Qb7 31. Bd4 e5 32. dxe6+ Kxe6 33. Bxf5+ gxf5 34. Qh6+ Kf7 35. Qf6+ Ke8 36. Rxd6 Rf8 37. Re6+ Kd7 38. Re7+ 1-0

[Event "Ruhrgebiet VK2 0910"]
[Site "Ruhrgebiet"]
[Date "2010.01.31"]
[Round "6.4"]
[White "Bendel, Ruediger"]
[Black "Bauriedel, Friedrich"]
[Result "1/2-1/2"]
[WhiteElo "1987"]
[BlackElo "1867"]
[PlyCount "90"]
[EventDate "2009.09.06"]
[EventType "team"]
[EventRounds "9"]
[EventCountry "GER"]
[SourceTitle "EXT 2011"]
[Source "ChessBase"]
[SourceDate "2010.11.26"]
[SourceVersion "1"]
[SourceVersionDate "2010.11.26"]
[SourceQuality "1"]
[WhiteTeam "Essen Werden"]
[BlackTeam "Germania Kupferdreh"]
[WhiteTeamCountry "GER"]
[BlackTeamCountry "GER"]

1. f4 d5 2. Nf3 Nf6 3. b3 g6 4. Bb2 Bg7 5. e3 0-0 6. c4 c6 7. Ne5 Nbd7 8. d4 Ne4 9. Be2 f5 10. 0-0 Ndf6 11. Na3 Be6 12. c5 Kh8 13. b4 a6 14. Nc2 Bd7 15. a4 e6 16. Ne1 g5 17. fxg5 Nxg5 18. N1d3 Nfe4 19. Qe1 Nf7 20. Nxf7+ Rxf7 21. Bh5 Rf6 22. Ne5 Be8 23. Qh4 Bxh5 24. Qxh5 Qe7 25. Nd3 Rh6 26. Qe2 Qh4 27. h3 Ng3 28. Qf3 Nxf1 29. Rxf1 Rg8 30. Nf4 Bf8 31. Kh2 Be7 32. Bc3 Qg4 33. Be1 Qxf3 34. Rxf3 Bg5 35. Bg3 Ra8 36. a5 Kg8 37. Nd3 Kf7 38. Bd6 Rg8 39. Bf4 Bxf4+ 40. exf4 Ke7 41. Ne5 Rf6 42. g3 h5 43. h4 Rg7 44. Ra3 Rf8 45. Ra4 Rfg8 1/2-1/2

[Event "Ruhrgebiet VK2 0910"]
[Site "Ruhrgebiet"]
[Date "2009.10.04"]
[Round "2.4"]
[White "Nowicki, Heiko"]
[Black "Bendel, Ruediger"]
[Result "0-1"]
[WhiteElo "2064"]
[BlackElo "1987"]
[PlyCount "60"]
[EventDate "2009.09.06"]
[EventType "team"]
[EventRounds "9"]
[EventCountry "GER"]
[SourceTitle "EXT 2011"]
[Source "ChessBase"]
[SourceDate "2010.11.26"]
[SourceVersion "1"]
[SourceVersionDate "2010.11.26"]
[SourceQuality "1"]
[WhiteTeam "Unser Fritz"]
[BlackTeam "Essen Werden"]
[WhiteTeamCountry "GER"]
[BlackTeamCountry "GER"]

1. e4 c5 2. b4 e6 3. bxc5 Bxc5 4. d4 Bb4+ 5. c3 Be7 6. Nf3 d5 7. e5 b6 8. Bd3 h5 9. h4 Nh6 10. Qe2 Nf5 11. g3 Nd7 12. Ng5 Nf8 13. Bb5+ Bd7 14. Na3 Qc8 15. Bxd7+ Nxd7 16. Nb1 Nxd4 17. Qd1 Nb5 18. Bf4 Nxc3 19. Qf3 Nxb1 20. Rxb1 Qc2 21. 0-0 Bxg5 22. hxg5 Nc5 23. Rbc1 Qf5 24. Qa3 0-0 25. Rfd1 h4 26. Rd4 Ne4 27. Qf3 Nxg5 28. Qg2 h3 29. Qh1 h2+ 30. Kg2 Qh3# 0-1

[Event "Ruhrgebiet VK2 0708"]
[Site "Germany"]
[Date "2008.02.17"]
[Round "6.2"]
[White "Rutz, Dirk"]
[Black "Bendel, Ruediger"]
[Result "1/2-1/2"]
[WhiteElo "2009"]
[BlackElo "2020"]
[PlyCount "54"]
[EventDate "2007.09.16"]
[EventType "team"]
[EventRounds "9"]
[EventCountry "GER"]
[SourceTitle "EXT 2009"]
[Source "ChessBase"]
[SourceDate "2008.11.26"]
[SourceVersion "1"]
[SourceVersionDate "2008.11.26"]
[SourceQuality "1"]
[WhiteTeam "Laufer Wanne"]
[BlackTeam "Altenessen II"]
[WhiteTeamCountry "GER"]
[BlackTeamCountry "GER"]

1. c4 f5 2. Nc3 e5 3. g3 Nf6 4. Bg2 c6 5. d4 e4 6. Qb3 d5 7. Nh3 dxc4 8. Qxc4 b5 9. Qb3 b4 10. Na4 Qxd4 11. 0-0 Qd5 12. Qc2 Be7 13. Rd1 Qb5 14. f3 b3 15. Qxb3 Qxb3 16. axb3 Be6 17. Nb6 Bxb3 18. Nxa8 Bc5+ 19. Kf1 Bxd1 20. Bf4 Bb3 21. Bxb8 Kd7 22. Be5 Rxa8 23. Bxf6 gxf6 24. fxe4 fxe4 25. Bxe4 h6 26. Rc1 Kd6 27. Nf4 Rb8 1/2-1/2